000 01183 a2200193 4500
001 30139
005 20260407155612.0
008 260407a1976 arg spa d
003 AR-UNSa-BCEJYS
040 _aAR-UNSa-BCEJYS
_bspa
_cAR-UNSa-BCEJYS
080 _a657.474
_xTratamiento de los costos
245 1 0 _aCostos predeterminados
_pestimados y standard
264 1 _aBuenos Aires :
_bEl Coloquio
_c1976
300 _a142 p.
_c22 cm.
505 _a1. Características básicas: Estimadas y standard, comparación con los costos históricos - 2. Ámbito de aplicación - 3. Bases que conforman el método - 4. Registración contable - 3. Costos estimados standards - 4. Características básicas - 5. Ámbito de aplicación del standard - 6. Pasos a considerar en la determinación de los standares físicos del informe u hoja de costos - 7. Forma de calcular los standares monetarios del informe u hoja de costos - 8. Tipos de costos standard según el periodo de su vigencia: Corrientes y básicos - 10. Variaciones o desvíos. Generalidades - 11. Mecánica del registro contable
942 _cBK
590 _aniveau_biblio:m niveau_hierar:0
100 1 _aGiménez, Carlos Manuel
999 _c2035
_d2035